Normal view
MARC view
Entry Personal Name
001 - CONTROL NUMBER
- control field: 453967
003 - CONTROL NUMBER IDENTIFIER
- control field: OSt
005 - DATE AND TIME OF LATEST TRANSACTION
- control field: 20220928121708.0
008 - FIXED-LENGTH DATA ELEMENTS
- fixed length control field: 220928|| aca||aabn | a|a d
040 ## - CATALOGING SOURCE
- Original cataloging agency: OSt
- Transcribing agency: OSt
100 ## - HEADING--PERSONAL NAME
- Personal name: Vernon K D C
670 ## - SOURCE DATA FOUND
- Source citation: Work cat.: (OSt)767803: Vernon K D C, Information sources in Management and Business., 1984
